zpět

Detail výsledku týmu

U Lucerny ST, Brno

Datum a čas kvízu

28.5 Celkem bodů Celkový počet nahraných bodů na tomto kvízu bez doplňovacích otázek.
7. Pořadí na kvízu Konečné umístění týmu na tomto kvízu.

Zaznamenané odpovědi

# Otázka Odpověď Body Výsledky
1. V sobotu bylo pro veřejnost ot... Most, též Mostecké jezero 1
2. Rádio Svobodná Evropa se poprv... Maďarsko 0
3. Minulý týden byla v pražské ga... David Černý 0
4. Američtí biologové naklonovali... Převalského 1
5. Jak se jmenuje zkušený hokejis... Tomáš Plekanec 1
6. Nobelova cena je od roku 1901... ekonomie 0
7. Pouze dvěma Čechům v historii... Jaroslav Heyrovský, Jaroslav Seifert 1
8. V roce 1954 obdržel Nobelovu c... Ernest Hemingway, Stařec a moře 1
9. Přiřaďte laureáty Nobelových c... 1C 2A 3D 4B 0
10. Vyberte nepravdivé tvrzení o p... C 0